A history of Byzantine literature (850-1000)

Αποθηκεύτηκε σε:
Λεπτομέρειες βιβλιογραφικής εγγραφής
Κύριος συγγραφέας: Kazhdan, A. P. (Aleksandr Petrovich), 1922-1997
Συγγραφή απο Οργανισμό/Αρχή: Εθνικό Ίδρυμα Ερευνών Ινστιτούτο Βυζαντινών Ερευνών
Άλλοι συγγραφείς: Αγγελίδη, Χριστίνα Γ. (Επιμελητής έκδοσης)
Μορφή: Βιβλίο
Γλώσσα:English
Δημοσίευση: Athens : Εθνικό Ίδρυμα Ερευνών, 2006
Σειρά:Research series = Ερευνητική βιβλιοθήκη ; ; 4
Θέματα:
Ετικέτες: Προσθήκη ετικέτας
Δεν υπάρχουν, Καταχωρήστε ετικέτα πρώτοι!

MARC

LEADER 00000cam a2200000 i 4500
001 1/104939
008 090511s2006 eng d
020 |a 960-371-031-8 
035 |l 10104624 
040 |a GR-MY-UA  |b gre  |e aacr 
041 0 |a eng 
082 0 |a 880.09  |2 (22) 
100 1 |a Kazhdan, A. P.   |q (Aleksandr Petrovich),   |d 1922-1997. 
245 1 2 |a A history of Byzantine literature (850-1000) /  |c Alexander Kazhdan ; edited by Cristine Angelidi ; National Hellenic Research Foundation, Institute for Byzantine Research 
246 3 3 |a Ιστορία της Βυζαντινής λογοτεχνίας (850-1000) 
260 |a Athens :   |b Εθνικό Ίδρυμα Ερευνών,   |c 2006 
300 |a xiv, 365 σ.;  |c 29 εκ. 
490 1 |a Research series = Ερευνητική βιβλιοθήκη  |v ; 4 
504 |a Περιέχει βιβλιογραφικές παραπομπές και ευρετήριο 
650 0 0 |a Byzantine literature  |x History and criticism. 
700 1 |a Αγγελίδη, Χριστίνα Γ.  |4 edt 
710 2 |a Εθνικό Ίδρυμα Ερευνών  |b Ινστιτούτο Βυζαντινών Ερευνών. 
830 0 |a Research series = Ερευνητική βιβλιοθήκη ;  |v ; 4 
852 |a INST  |b LESVOS  |e 20090511  |h 880.09 KAZ  |p 005100045013  |q 005100045013  |t BK  |y 0 
901 |a BIBL1-2009-2 
909 |a Λ  |b 158798 
970 |a ΚΑΡΑ  |b ΓΙΑΣΕΜΗ  |z 2009/05/11